An assessment of factors affecting loan portfolio performance in commercial banks in Zambia : case study of ZANACO and ABSA (Record no. 85086)

MARC details
000 -LEADER
fixed length control field 00871 a2200253 4500
003 - CONTROL NUMBER IDENTIFIER
control field CBULib
005 - DATE AND TIME OF LATEST TRANSACTION
control field 20240703082643.0
008 - FIXED-LENGTH DATA ELEMENTS--GENERAL INFORMATION
fixed length control field 240703b |||||||| |||| 00| 0 eng d
040 ## - CATALOGING SOURCE
Original cataloging agency CBULib
Language of cataloging English
Transcribing agency CBULib
Description conventions rda
041 ## - LANGUAGE CODE
Language code of text/sound track or separate title eng
050 ## - LIBRARY OF CONGRESS CALL NUMBER
Classification number CBU-PG THESIS/MAB
100 ## - MAIN ENTRY--PERSONAL NAME
Personal name Mabila, Credence
245 ## - TITLE STATEMENT
Title An assessment of factors affecting loan portfolio performance in commercial banks in Zambia : case study of ZANACO and ABSA
Statement of responsibility, etc / by Credence Mabila
260 ## - PUBLICATION, DISTRIBUTION, ETC. (IMPRINT)
Name of publisher, distributor, etc Copperbelt University,
Date of publication, distribution, etc 2023.
Place of publication, distribution, etc Kitwe :
300 ## - PHYSICAL DESCRIPTION
Extent xiii, 67 pages : illustrations
336 ## - CONTENT TYPE
Source rdacontent
Content type term Text |
Content type code txt
337 ## - MEDIA TYPE
Source rdamedia
Media type term Unmediated |
Media type code n
338 ## - CARRIER TYPE
Source rdacarrier
Carrier type term Volume
Carrier type code nc
504 ## - BIBLIOGRAPHY, ETC. NOTE
Bibliography, etc includes references
650 #0 - SUBJECT ADDED ENTRY--TOPICAL TERM
9 (RLIN) 3053
Topical term or geographic name as entry element LOAN PERFORMANCE, COMMERCIAL BANKS--ZAMBIA
650 #0 - SUBJECT ADDED ENTRY--TOPICAL TERM
9 (RLIN) 3040
Topical term or geographic name as entry element BANKS AND BANKING
650 #0 - SUBJECT ADDED ENTRY--TOPICAL TERM
9 (RLIN) 3054
Topical term or geographic name as entry element BANK LOANS
942 ## - ADDED ENTRY ELEMENTS (KOHA)
Source of classification or shelving scheme
Koha item type UNIVERSITY COLLECTION
Holdings
Withdrawn status Lost status Source of classification or shelving scheme Damaged status Not for loan Collection code Permanent Location Current Location Shelving location Date acquired Source of acquisition Full call number Barcode Date last seen Copy number Price effective from Koha item type
          Special Collections CBU-MAIN LIBRARY, KITWE. CBU-MAIN LIBRARY, KITWE. Special Collections 07/03/2024 DEP-CBU CBU-PG THESIS/MAB B85086 07/03/2024 1 07/03/2024 UNIVERSITY COLLECTION